<?xml version="1.0" encoding="UTF-8"?>
<record
    xmlns:xsi="http://www.w3.org/2001/XMLSchema-instance"
    xsi:schemaLocation="http://www.loc.gov/MARC21/slim http://www.loc.gov/standards/marcxml/schema/MARC21slim.xsd"
    xmlns="http://www.loc.gov/MARC21/slim">

  <leader>00938nam a22002291  4500</leader>
  <controlfield tag="001">gs 05001188 </controlfield>
  <controlfield tag="003">DLC</controlfield>
  <controlfield tag="005">20260227111303.0</controlfield>
  <controlfield tag="008">900612m18931891gw ab    b    00010 ger c</controlfield>
  <datafield tag="010" ind1=" " ind2=" ">
    <subfield code="a">gs 05001188 //r902</subfield>
  </datafield>
  <datafield tag="040" ind1=" " ind2=" ">
    <subfield code="a">U.S. Geol. Survey Libr./ICU</subfield>
    <subfield code="c">ICU</subfield>
  </datafield>
  <datafield tag="050" ind1="0" ind2="0">
    <subfield code="a">QE26</subfield>
    <subfield code="b">.K27</subfield>
  </datafield>
  <datafield tag="100" ind1="1" ind2="0">
    <subfield code="a">Kayser, Emanuel,</subfield>
    <subfield code="d">1845-1927.</subfield>
  </datafield>
  <datafield tag="245" ind1="1" ind2="0">
    <subfield code="a">Lehrbuch der geologie ...</subfield>
    <subfield code="c">Von dr. Emanuel Kayser ...</subfield>
  </datafield>
  <datafield tag="260" ind1="0" ind2=" ">
    <subfield code="a">Stuttgart,</subfield>
    <subfield code="b">F. Enke,</subfield>
    <subfield code="c">1893, '91.</subfield>
  </datafield>
  <datafield tag="300" ind1=" " ind2=" ">
    <subfield code="a">2 v.</subfield>
    <subfield code="b">illus., maps, diagrs., profiles.</subfield>
    <subfield code="c">24 cm.</subfield>
  </datafield>
  <datafield tag="500" ind1=" " ind2=" ">
    <subfield code="a">Each vol. has also special t.p.</subfield>
  </datafield>
  <datafield tag="504" ind1=" " ind2=" ">
    <subfield code="a">Bibliographical footnotes.</subfield>
  </datafield>
  <datafield tag="500" ind1=" " ind2=" ">
    <subfield code="a">"Zusammenstellung der wichtigsten lehrb&#xFC;cher der allgemeinen und der gesammten geologie": v. 1, p. 6.</subfield>
  </datafield>
  <datafield tag="505" ind1="0" ind2=" ">
    <subfield code="a">I. Lehrbuch der allgemeinen geologie, f&#xFC;r studirende und zum selbstunterricht.--II. Lehrbuch der geologischen formationskunde, f&#xFC;r studierende und zum selbstunterricht.</subfield>
  </datafield>
  <datafield tag="650" ind1=" " ind2="0">
    <subfield code="a">Geology.</subfield>
  </datafield>
  <datafield tag="999" ind1=" " ind2=" ">
    <subfield code="c">24362</subfield>
    <subfield code="d">24362</subfield>
  </datafield>
</record>
